| 000 | 01040nam a2200253Ia 4500 | ||
|---|---|---|---|
| 003 | OSt | ||
| 005 | 20220923211143.0 | ||
| 006 | a|||||r|||| 00| 0 | ||
| 007 | ta | ||
| 008 | 220922b |||||||| |||| 00| 0 hin d | ||
| 020 | _a8186565671 (hbk) | ||
| 024 | _a158,007 | ||
| 037 | _cTextual | ||
| 040 |
_aARTS _cARTS _bhin |
||
| 041 |
_2hin _ahin |
||
| 082 | _aV2:51.N5, 152P0 | ||
| 100 | _aबिपन चंद्र | ||
| 245 | 0 | _aभारत का राष्ट्रीय आंदोलनः दीर्घकालिक गतिशीलता, अनु एन ए खान 'शाहिद' | |
| 246 | _aBhārat kā rāṣhṭrīya āandolanah dīrghakālik gatishīlatā, anu0 ena0 e0 khān 'shāhida' | ||
| 260 |
_aनई दिल्ली _b अनामिका पब्लिशर्स एंड डिस्ट्रब्यूटर्स _c2000 |
||
| 300 |
_a111 पृ. _ccm. |
||
| 942 |
_hV2:51.N5, 152P0 _cTEXL _2CC |
||
| 999 |
_c296016 _d296016 |
||